| 000 | 00854nab a2200253 u 4500 | ||
|---|---|---|---|
| 001 | 10437 | ||
| 003 | HDC | ||
| 007 | cr bn ---aaaaa | ||
| 008 | 210204c9999 |r|nos 0 a eng d | ||
| 040 | _aHDC | ||
| 100 |
_aRushdi Siddiqui _eauthor _96270 |
||
| 110 | _aThe Malaysian Insider | ||
| 245 | 0 |
_aRebranding of Malaysian Airlines? / by _cRushdi Siddiqui |
|
| 260 |
_a[no place] : _b[publisher not identified], _c[no year] |
||
| 336 |
_atext _2rdacontent |
||
| 337 |
_acomputer _2rdamedia |
||
| 338 |
_aonline resource _2rdacarrier |
||
| 650 |
_aCorporate Brands _910690 |
||
| 650 |
_aMalaysian Airlines _910689 |
||
| 856 | _zRequest full-text at [email protected] | ||
| 942 | _2lcc | ||
| 942 | _cNEWS | ||
| 942 | _kNWSO 000196 | ||
| 999 |
_c7760 _d7760 |
||